La Indovino con Una! - Statistics

Statistiche generali
  • Questo quiz è stato fatto 45 volte
  • Il punteggio medio è 5 su 10
Statistiche sulle risposte
Indizio Canzone % Corretto
A Padova siam vicinicosì dicono i Pinguini Islanda
79%
In Brasile Gaia e Tonyfanno un ballo coi travioni Sesso e Samba
67%
Per Mahmood i cilenison di zucchero ripieni Tuta Gold
67%
Se Annalisa fosse quelloadesso avrebbe l'uccello Maschio
54%
Per Ermal è vietatofinire sul "commiato" Vietato morire
49%
A Sanremo mi si afflosciacon questa stupida erre moscia Balorda Nostalgia
46%
Stash curioso vuol saperea chi hai dato il tuo sedere Tu con chi fai l'amore?
41%
Fabri Fibra adesso spaccacol figlio di chi mangia la cacca Che Gusto C'è?
21%
Povero pollo! Così piccolo,finisce sotto il mezzo agricolo Il Pulcino Pio
21%
Per Tiziano momento durociò che ha rotto non è il culo Cuore Rotto
15%
Nessun quiz corrispondente trovato
Distribuzione punteggi
Percentuale di utenti per punteggio
Percentile per numero di risposta
I tuoi punteggi nel tempo
Non hai fatto questo quiz